000 00674nam a2200277Ia 4500
005 20260324141243.0
008 008 260324s9999 xx 000 0 eng d
020 _a9780203441305
037 _aEBOOK
040 _aCRL
040 _beng
040 _cCRL
041 _2eng
041 _aeng
084 _qCRL
100 _aJanet Collins; Michael Hammond; Jerry Wellington
_91207496
245 0 _aTeaching and Learning with Multimedia
260 _bTaylor and Francis
260 _c1997
365 _a
365 _b300
856 _uhttp://www.taylorfrancis.com/books/9780203441305
942 _cEBOOK
999 _c1810399
_d1810399